Normal view
MARC view
Entry Personal Name
001 - CONTROL NUMBER
- control field: 3618
003 - CONTROL NUMBER IDENTIFIER
- control field: ARRUPE
005 - DATE AND TIME OF LATEST TRANSACTION
- control field: 20131121170315.0
008 - FIXED-LENGTH DATA ELEMENTS
- fixed length control field: 131121|| aca||aabn | a|a d
040 ## - CATALOGING SOURCE
- Original cataloging agency: ARRUPE
- Transcribing agency: ARRUPE
100 ## - HEADING--PERSONAL NAME
- Personal name: Brock, Brian,
- Dates associated with a name: 1970-
670 ## - SOURCE DATA FOUND
- Source citation: Work cat.: (ARRUPE)0: Brock, Brian, 1970-, Singing the ethos of God :, 2007.